|
|
|
|
| LEADER |
00674nab a2200181 i 4500 |
| 001 |
misc13887 |
| 005 |
20191106140932.0 |
| 008 |
170607s1999 hu o 0|| hun d |
| 022 |
|
|
|a 0025-0260
|
| 040 |
|
|
|a SZTE Miscellanea Repozitórium
|b hun
|
| 041 |
|
|
|a hun
|
| 100 |
1 |
|
|a Géczi János
|
| 245 |
1 |
2 |
|a A tudás forrása
|h [elektronikus dokumentum] :
|b a kert /
|c Géczi János
|
| 260 |
|
|
|c 1999
|
| 300 |
|
|
|a 221-243
|
| 490 |
0 |
|
|a Magyar pedagógia : a Magyar Tudományos Akadémia Pedagógiai Bizottságának folyóirata
|v 99 No. 3
|
| 695 |
|
|
|a Művészettörténet középkor kertkultúra
|
| 856 |
4 |
0 |
|u http://misc.bibl.u-szeged.hu/13887/1/mp_1999_003_6227_221-243.pdf
|z Dokumentum-elérés
|